000 00790nam a2200229 i 4500
001 bg
100 1 _aBOSS, Janusz
245 1 0 _aModele stochastyczne procesu mieszania /
_cJanusz Boss, Andrzej T. Knapik.
260 _aOpole :
_bWSI,
_c1995.
300 _a99 s. :
_brys., wykr. ;
_c24 cm.
490 1 _aStudia i Monografie / Wyższa Szkoła Inżynierska w Opolu,
_x0239-5991 ;
_vz.78
504 _aBibliogr. s. 93-97. - Rez., summ.
650 9 _aMieszanie
_xteoria
650 9 _aRachunek prawdopodobieństwa
_xstosowanie
_xprzemysł
700 1 _aKNAPIK, Andrzej T.
830 0 _aStudia i Monografie (Wyższa Szkoła Inżynierska w Opolu) ;
_vz.78
040 _cBPK
041 0 _apl
_benru
080 _a621.926/.929:519.2
942 _cKS
008 s pl f |000 0 pol
999 _c30583
_d30583
856 _uhttp://koha.tu.koszalin.pl/cgi-bin/koha/opac-detail.pl?biblionumber=30583
_yKatalog online BPK